[Event "Rated Blitz tournament xGwroAXL"]
[Site "?"]
[Date "2021.10.26"]
[Round "?"]
[White "Evan-effendy_CSS"]
[Black "Room_CSS"]
[Result "0-1"]
[WhiteElo "2322"]
[BlackElo "2424"]
[PlyCount "88"]
[EventDate "2021.??.??"]
[EventType "blitz"]

1. e4 e5 2. Nf3 d5 3. d3 dxe4 4. dxe4 Qxd1+ 5. Kxd1 Nc6 6. c3 Bg4 7. Be3 O-O-O+
8. Kc2 f5 9. Nbd2 f4 10. Bxa7 Nxa7 11. Nxe5 Be6 12. Nb3 Nf6 13. f3 Bd6 14. Nd3
Nd7 15. Nd4 Bf7 16. a4 g6 17. Nb5 Nxb5 18. axb5 Kb8 19. Be2 Nc5 20. Nxc5 Bxc5
21. Ra4 Be3 22. Bd3 Rxd3 23. Kxd3 Rd8+ 24. Rd4 Bxd4 25. cxd4 b6 26. d5 Kb7 27.
Kd4 Be8 28. Ke5 Bxb5 29. Kf6 c6 30. Ke7 Kc7 31. Rc1 c5 32. Rd1 Re8+ 33. Kf6 Kd6
34. g3 fxg3 35. hxg3 Rf8+ 36. Kg7 Rxf3 37. Re1 Ke5 38. Kxh7 g5 39. Kh6 Rxg3 40.
Kh5 Be8+ 41. Kh6 g4 42. Kg5 Bd7 43. b4 cxb4 44. Rg1 Rxg1 {Normal} 0-1

[Event "Rated Blitz game"]
[Site "?"]
[Date "2021.10.26"]
[Round "?"]
[White "dim62"]
[Black "Porgy"]
[Result "1/2-1/2"]
[WhiteElo "2437"]
[BlackElo "2312"]
[PlyCount "52"]
[EventDate "2021.??.??"]
[EventType "blitz"]

1. e4 e5 2. Nf3 d5 3. Nxe5 Bd6 4. d4 dxe4 5. Nc4 Nf6 6. Nc3 O-O 7. Bg5 Re8 8.
Nxd6 Qxd6 9. Be2 Bf5 10. O-O Nc6 11. Nb5 Qd7 12. Bxf6 gxf6 13. c3 Kh8 14. Qc1
Rg8 15. Qf4 Rac8 16. Rfe1 a6 17. Na3 Ne7 18. Qh4 Ng6 19. Qxf6+ Rg7 20. Nc4 Nf4
21. Bf1 Nh3+ 22. Kh1 Nxf2+ 23. Kg1 Nh3+ 24. Kh1 Nf2+ 25. Kg1 Nh3+ 26. Kh1 Nf2+
{Normal} 1/2-1/2

[Event "Rated Blitz tournament qEbFCNaJ"]
[Site "?"]
[Date "2021.10.26"]
[Round "?"]
[White "Anti31"]
[Black "Tyutyunov_Aleksei"]
[Result "0-1"]
[WhiteElo "2408"]
[BlackElo "2254"]
[PlyCount "92"]
[EventDate "2021.??.??"]
[EventType "blitz"]

1. e4 e5 2. Nf3 d5 3. d4 dxe4 4. Nxe5 Nd7 5. Nc4 Bd6 6. Nxd6+ cxd6 7. c4 f5 8.
Nc3 Ngf6 9. Bf4 d5 10. cxd5 a6 11. a4 O-O 12. Bc4 Nb6 13. Bb3 Nbxd5 14. Bg5 Be6
15. O-O h6 16. Bxf6 Rxf6 17. Bxd5 Bxd5 18. Re1 Qd6 19. Rc1 Rd8 20. Qd2 Bc6 21.
Red1 Bd5 22. h3 f4 23. Nxd5 Qxd5 24. Rc7 Rd7 25. Rdc1 f3 26. g3 Rfd6 27. Rc8+
Kh7 28. Qf4 Rf6 29. Qg4 Qf5 30. Qxf5+ Rxf5 31. R1c7 Rfd5 32. Rxd7 Rxd7 33. Rb8
Kg6 34. g4 Kf6 35. Kh2 Ke6 36. Kg3 Kd5 37. Kf4 Kxd4 38. Re8 Rf7+ 39. Kg3 g5 40.
h4 Rf6 41. hxg5 hxg5 42. Rd8+ Kc5 43. Rd7 b5 44. axb5 axb5 45. Rg7 Kd4 46. Rxg5
b4 {Time forfeit} 0-1

[Event "Rated Blitz game"]
[Site "?"]
[Date "2021.10.26"]
[Round "?"]
[White "walaasarwat"]
[Black "Larenim"]
[Result "1-0"]
[WhiteElo "2424"]
[BlackElo "2295"]
[PlyCount "47"]
[EventDate "2021.??.??"]
[EventType "blitz"]

1. e4 e5 2. Nf3 d5 3. exd5 e4 4. Qe2 Nf6 5. d3 Qxd5 6. Nbd2 Bf5 7. dxe4 Nxe4 8.
Ng5 Bb4 9. Ngxe4 Qxe4 10. Qxe4+ Bxe4 11. c3 Bc2 12. cxb4 O-O 13. Nf3 Nc6 14. a3
Rad8 15. Be3 f5 16. Bb5 f4 17. Bxc6 bxc6 18. Bd4 Rfe8+ 19. Kd2 Be4 20. Kc3 a5
21. Rhe1 axb4+ 22. axb4 c5 23. bxc5 Rb8 24. b4 {Normal} 1-0

[Event "Rated Blitz game"]
[Site "?"]
[Date "2021.10.26"]
[Round "?"]
[White "Macho_men"]
[Black "khalid_ontawar"]
[Result "1/2-1/2"]
[WhiteElo "2374"]
[BlackElo "2438"]
[PlyCount "131"]
[EventDate "2021.??.??"]
[EventType "blitz"]

1. e4 e5 2. Nf3 d5 3. d4 dxe4 4. Nxe5 Be6 5. Bc4 Bxc4 6. Nxc4 Nf6 7. Nc3 Bb4 8.
O-O Bxc3 9. bxc3 O-O 10. Bg5 Nbd7 11. f3 Re8 12. fxe4 Rxe4 13. Qf3 Qe8 14. a4
h6 15. Bd2 c6 16. Nd6 Qe6 17. Nxe4 Nxe4 18. Bf4 f5 19. Bc1 Rf8 20. Ba3 Rf7 21.
g4 Nd2 22. Qf4 Nxf1 23. Rxf1 fxg4 24. Qxf7+ Qxf7 25. Rxf7 Kxf7 26. Kg2 h5 27.
Kg3 g6 28. Kf4 Ke6 29. c4 Nf6 30. Bc5 a6 31. Ba7 Nh7 32. Bb8 g5+ 33. Ke4 Nf6+
34. Ke3 Kf5 35. Bc7 h4 36. Bd8 Ne4 37. d5 cxd5 38. cxd5 Ke5 39. d6 Nxd6 40.
Bxg5 Nf5+ 41. Kd3 g3 42. hxg3 h3 43. Bf4+ Ke6 44. g4 Nh6 45. g5 Kf5 46. gxh6
Kg6 47. Bh2 Kxh6 48. Ke3 Kg6 49. Kf3 Kf5 50. Kg3 Ke4 51. Kxh3 Kd4 52. Bc7 Kc3
53. a5 Kxc2 54. Bb6 Kc3 55. Kg4 Kc4 56. Kf5 Kd5 57. Kf6 Kd6 58. Kf5 Kd7 59. Kf6
Kc8 60. Ke5 Kb8 61. Kd6 Kc8 62. Ke7 Kb8 63. Kd7 Ka8 64. Bc7 Ka7 65. Kc8 Ka8 66.
Bb6 {Normal} 1/2-1/2

[Event "Rated Blitz game"]
[Site "?"]
[Date "2021.10.26"]
[Round "?"]
[White "DennySilalahi"]
[Black "sillierchess"]
[Result "0-1"]
[WhiteElo "2386"]
[BlackElo "2504"]
[PlyCount "38"]
[EventDate "2021.??.??"]
[EventType "blitz"]

1. e4 e5 2. Nf3 d5 3. Nxe5 Bd6 4. d4 dxe4 5. Be2 h6 6. O-O Nf6 7. Bc4 O-O 8. c3
Nbd7 9. Ng6 Nb6 10. Bb3 Re8 11. h3 Nbd5 12. Nh4 g5 13. c4 gxh4 14. cxd5 Kh7 15.
Nc3 Rg8 16. Kh1 Bf5 17. f3 Qd7 18. fxe4 Bxh3 19. Rg1 Bxg2+ {Normal} 0-1

[Event "Rated Blitz game"]
[Site "?"]
[Date "2021.10.26"]
[Round "?"]
[White "TooLateToConsider"]
[Black "elrond"]
[Result "0-1"]
[WhiteElo "2312"]
[BlackElo "2427"]
[PlyCount "60"]
[EventDate "2021.??.??"]
[EventType "blitz"]

1. e4 e5 2. Nf3 d5 3. exd5 e4 4. Qe2 Nf6 5. Nc3 Be7 6. Nxe4 O-O 7. d3 Nxd5 8.
Bd2 f5 9. Nc3 Bf6 10. Nxd5 Qxd5 11. Bc3 Nc6 12. Kd2 Bd7 13. Bxf6 Rxf6 14. g3
Re8 15. Qd1 Nd4 16. Bg2 Bc6 17. Nxd4 Qxg2 18. Rf1 Bd7 19. h4 c5 20. Ne2 f4 21.
Nxf4 Rxf4 22. gxf4 Bg4 23. Qc1 Re2+ 24. Kc3 Qd5 25. a3 Qd4+ 26. Kb3 Be6+ 27. c4
Qxd3+ 28. Qc3 Bxc4+ 29. Ka4 Qd7+ 30. Ka5 b6# {Normal} 0-1

[Event "Rated Rapid game"]
[Site "?"]
[Date "2021.10.26"]
[Round "?"]
[White "elviswoo1015"]
[Black "Generalluud"]
[Result "1-0"]
[WhiteElo "2446"]
[BlackElo "2296"]
[PlyCount "71"]
[EventDate "2021.??.??"]
[EventType "rapid"]

1. e4 e5 2. Nf3 d5 3. exd5 e4 4. Nd4 Qxd5 5. Nb3 Nf6 6. Nc3 Qe5 7. Be2 Nc6 8.
d4 exd3 9. cxd3 Bd6 10. d4 Qf5 11. O-O Be6 12. Bd3 Bxh2+ 13. Kh1 Qg4 14. Qxg4
Nxg4 15. f3 h5 16. d5 Nb4 17. dxe6 Nxd3 18. exf7+ Kf8 19. Ne4 Be5 20. Kg1 Nf6
21. Bg5 Kxf7 22. Rad1 Nxb2 23. Bxf6 gxf6 24. Rd7+ Kg6 25. f4 Bd6 26. f5+ Kh6
27. Nxf6 Nc4 28. Ne4 Ne5 29. Rxd6+ cxd6 30. Nxd6 b6 31. f6 Rhf8 32. Nd4 Rad8
33. N4f5+ Kg6 34. Ne7+ Kh7 35. Rf5 Rxd6 36. Rxh5# {Normal} 1-0

[Event "Rated Blitz game"]
[Site "?"]
[Date "2021.10.26"]
[Round "?"]
[White "evilreturns"]
[Black "Mister_Green25"]
[Result "0-1"]
[WhiteElo "2445"]
[BlackElo "2364"]
[PlyCount "48"]
[EventDate "2021.??.??"]
[EventType "blitz"]

1. e4 e5 2. Nf3 d5 3. d4 dxe4 4. Nxe5 Nf6 5. Bc4 Be6 6. Bxe6 fxe6 7. O-O Nbd7
8. Bf4 Bd6 9. Nd2 O-O 10. Re1 Bxe5 11. Bxe5 Nxe5 12. dxe5 Nd5 13. Nxe4 Qh4 14.
Ng3 Rad8 15. Qh5 Qd4 16. Rf1 Qxb2 17. Rab1 Qxc2 18. Rxb7 Nf4 19. Qg4 Rd2 20.
Rxa7 Rxf2 21. Rxf2 Nh3+ 22. gxh3 Qxf2+ 23. Kh1 Qe1+ 24. Kg2 Rf2# {Normal} 0-1

[Event "Rated Blitz game"]
[Site "?"]
[Date "2021.10.26"]
[Round "?"]
[White "asauo"]
[Black "larsental3"]
[Result "1-0"]
[WhiteElo "2365"]
[BlackElo "2413"]
[PlyCount "107"]
[EventDate "2021.??.??"]
[EventType "blitz"]

1. e4 e5 2. Nf3 d5 3. Nxe5 Bd6 4. d4 dxe4 5. Nc3 Bxe5 6. dxe5 Qxd1+ 7. Nxd1 Nc6
8. Bf4 Nge7 9. Bb5 a6 10. Bxc6+ Nxc6 11. Nc3 Bf5 12. O-O-O O-O 13. e6 fxe6 14.
Bxc7 Rac8 15. Bg3 e5 16. Rhe1 Nd4 17. Bxe5 Nc6 18. Bg3 Bg6 19. a3 Rfe8 20. Re3
Na5 21. Rd7 Nc4 22. Re1 Nxa3 23. Rxb7 Nc4 24. Nd5 e3 25. Ne7+ Rxe7 26. Rxe7
exf2 27. Bxf2 Na5 28. R1e2 Nb3+ 29. Kb1 Rd8 30. Ka2 Nc1+ 31. Ka3 Nxe2 32. Rxe2
Rc8 33. c3 Rc6 34. Bd4 Kf7 35. b4 Bd3 36. Re3 Bc4 37. g3 g6 38. h4 h5 39. Rf3+
Kg8 40. Bc5 Be2 41. Re3 Bg4 42. Re7 Bf5 43. Ka4 Bd3 44. Bd4 Kf8 45. Rh7 Re6 46.
Ka5 Re2 47. Kb6 Ra2 48. Rc7 Rc2 49. Kc5 Ra2 50. Kd6 Rf2 51. Ke6 Re2+ 52. Be5
Bc4+ 53. Rxc4 a5 54. Rc8# {Normal} 1-0

[Event "Rated Blitz game"]
[Site "?"]
[Date "2021.10.26"]
[Round "?"]
[White "strong_play"]
[Black "khalid_ontawar"]
[Result "0-1"]
[WhiteElo "2382"]
[BlackElo "2459"]
[PlyCount "20"]
[EventDate "2021.??.??"]
[EventType "blitz"]

1. e4 e5 2. Nf3 d5 3. Nxe5 Qe7 4. d4 f6 5. Qh5+ g6 6. Nxg6 Qxe4+ 7. Kd1 Qxg6 8.
Qf3 Bg4 9. Bb5+ c6 10. Re1+ Be7 {Normal} 0-1

[Event "Rated Blitz game"]
[Site "?"]
[Date "2021.10.26"]
[Round "?"]
[White "asadrampuri786"]
[Black "larsental3"]
[Result "0-1"]
[WhiteElo "2279"]
[BlackElo "2412"]
[PlyCount "86"]
[EventDate "2021.??.??"]
[EventType "blitz"]

1. e4 e5 2. Nf3 d5 3. exd5 Bd6 4. d3 f5 5. Bg5 Nf6 6. c4 h6 7. Bxf6 Qxf6 8. Nc3
O-O 9. Be2 g5 10. d4 e4 11. Ne5 Bxe5 12. dxe5 Qxe5 13. O-O Nd7 14. f3 e3 15. f4
gxf4 16. Nb5 a6 17. Nd4 Nc5 18. b4 Ne4 19. Nf3 Qg7 20. Qd4 Qxd4 21. Nxd4 Nc3
22. Rxf4 Bd7 23. a3 c5 24. bxc5 Rae8 25. Rc1 Na4 26. c6 bxc6 27. dxc6 Bc8 28.
c5 Re5 29. Nxf5 Rexf5 30. Rxa4 Rf2 31. Bg4 e2 32. Bf3 Rf1+ 33. Rxf1 exf1=Q+ 34.
Kxf1 Rd8 35. Ke2 Re8+ 36. Kf2 Re5 37. Rd4 Kf7 38. Rd8 Bf5 39. Bd5+ Kf6 40. c7
Re7 41. Rf8+ Kg5 42. Rxf5+ Kxf5 43. c8=Q+ Ke5 {Time forfeit} 0-1

[Event "Rated Blitz game"]
[Site "?"]
[Date "2021.10.26"]
[Round "?"]
[White "strong_play"]
[Black "emiliofelixramirez"]
[Result "0-1"]
[WhiteElo "2386"]
[BlackElo "2452"]
[PlyCount "80"]
[EventDate "2021.??.??"]
[EventType "blitz"]

1. e4 e5 2. Nf3 d5 3. Nc3 d4 4. Ne2 f6 5. d3 c5 6. g3 Nc6 7. Bg2 Be6 8. O-O g5
9. a4 Qd7 10. Ne1 O-O-O 11. f4 gxf4 12. gxf4 Bh3 13. Bxh3 Qxh3 14. Ng3 h5 15.
Rf3 h4 16. Nf5 Qg4+ 17. Kh1 Nh6 18. h3 Qh5 19. Nxh6 Bxh6 20. Bd2 Rdg8 21. Ng2
exf4 22. Nxf4 Bxf4 23. Bxf4 Rg6 24. Rf1 Qh7 25. Rg1 Rhg8 26. Qf3 Ne7 27. Bh2 f5
28. Qf4 Kd7 29. Qc7+ Ke8 30. Qxc5 Rxg1+ 31. Rxg1 Rxg1+ 32. Kxg1 fxe4 33. Qxd4
exd3 34. cxd3 Qg6+ 35. Kf2 Qf5+ 36. Ke2 Qxh3 37. Qf4 Qg2+ 38. Ke3 Nd5+ 39. Kd4
Nxf4 40. Bxf4 Qxb2+ {Normal} 0-1

[Event "Rated Blitz game"]
[Site "?"]
[Date "2021.10.26"]
[Round "?"]
[White "Misterhi4"]
[Black "khalid_ontawar"]
[Result "0-1"]
[WhiteElo "2325"]
[BlackElo "2458"]
[PlyCount "58"]
[EventDate "2021.??.??"]
[EventType "blitz"]

1. e4 e5 2. Nf3 d5 3. exd5 e4 4. Ng1 Qxd5 5. d3 exd3 6. Qxd3 Qe6+ 7. Be3 Bd6 8.
Nc3 Nf6 9. Be2 O-O 10. Nf3 Nc6 11. a3 a5 12. O-O Ne5 13. Nxe5 Qxe5 14. f4 Qe7
15. Bf3 Bf5 16. Qd2 Bxc2 17. Rae1 Bf5 18. Bxb7 Rad8 19. Qc1 Ng4 20. Bd4 Qh4 21.
h3 Nf6 22. Be5 Bc5+ 23. Kh1 Bxh3 24. Bxf6 gxf6 25. Re3 Bc8+ 26. Kg1 Bxb7 27.
Qe1 Qxe1 28. Rfxe1 Rfe8 29. Kf2 Rd2+ {Time forfeit} 0-1

[Event "Rated Blitz game"]
[Site "?"]
[Date "2021.10.26"]
[Round "?"]
[White "DINOLYON69"]
[Black "khalid_ontawar"]
[Result "0-1"]
[WhiteElo "2395"]
[BlackElo "2448"]
[PlyCount "106"]
[EventDate "2021.??.??"]
[EventType "blitz"]

1. e4 e5 2. Nf3 d5 3. exd5 e4 4. Qe2 Nf6 5. Nc3 Bf5 6. Nd4 Bd7 7. Nxe4 Nxe4 8.
Qxe4+ Be7 9. Bd3 g6 10. O-O O-O 11. b3 c5 12. dxc6 Nxc6 13. Bb2 Bf6 14. Nxc6
Bxc6 15. Bxf6 Qxf6 16. Qg4 Rad8 17. Rfe1 Rd4 18. Qg3 h5 19. Qe5 Qd8 20. Re3 Rd5
21. Qe7 Rg5 22. g3 Qd5 23. Be4 Qa5 24. Bxc6 bxc6 25. Rae1 Rf5 26. Qd6 Qxa2 27.
Re8 Rxe8 28. Rxe8+ Kh7 29. Qf8 Qa1+ 30. Kg2 Qf6 31. Qg8+ Kh6 32. Qf8+ Qg7 33.
f4 Qxf8 34. Rxf8 Kg7 35. Rc8 Rd5 36. d3 Rd6 37. Rc7 Re6 38. Kf3 Re1 39. Rxc6
Rh1 40. h4 Rf1+ 41. Ke4 Rc1 42. Rc7 a5 43. d4 Kf6 44. d5 Re1+ 45. Kd4 Rg1 46.
c4 Rxg3 47. Rb7 Rg4 48. Kc5 Rxh4 49. d6 Rxf4 50. d7 Ke7 51. Kd5 Rf1 52. Kc6 Rd1
53. c5 h4 {Time forfeit} 0-1

[Event "Rated Blitz game"]
[Site "?"]
[Date "2021.10.26"]
[Round "?"]
[White "Aeroschess"]
[Black "barry-allen"]
[Result "1-0"]
[WhiteElo "2412"]
[BlackElo "2284"]
[PlyCount "103"]
[EventDate "2021.??.??"]
[EventType "blitz"]

1. e4 e5 2. Nf3 d5 3. exd5 e4 4. Qe2 Qe7 5. Nd4 Qe5 6. Nb5 a6 7. N5c3 Nf6 8. d3
Bf5 9. Nd2 Bb4 10. dxe4 Bg6 11. Qc4 Bxc3 12. Qxc3 Qxc3 13. bxc3 Nxe4 14. Nxe4
Bxe4 15. c4 Bxc2 16. Kd2 Bg6 17. Bb2 O-O 18. h4 h6 19. h5 Bh7 20. g4 Nd7 21.
Rg1 f6 22. f4 Nc5 23. g5 fxg5 24. fxg5 hxg5 25. Re1 Rf2+ 26. Re2 Ne4+ 27. Ke1
Rxe2+ 28. Bxe2 Re8 29. Kd1 Bf5 30. Bd4 g4 31. Bd3 Kh7 32. Kc2 Kh6 33. Rf1 g6
34. hxg6 Kxg6 35. a4 g3 36. a5 Kh5 37. Rb1 Rb8 38. Rf1 Kg4 39. Rg1 Kf3 40. c5
Bg4 41. d6 cxd6 42. c6 bxc6 43. Rf1+ Nf2 44. Bxf2 gxf2 45. Kd2 Rb2+ 46. Kc3 Ra2
47. Kd4 Rxa5 48. Bc4 Rd5+ 49. Bxd5+ cxd5 50. Kxd5 Kg2 51. Rc1 f1=Q 52. Kxd6 {
Time forfeit} 1-0

[Event "Rated Blitz game"]
[Site "?"]
[Date "2021.10.26"]
[Round "?"]
[White "khatkevich71"]
[Black "Annali-annaliew1979"]
[Result "0-1"]
[WhiteElo "2376"]
[BlackElo "2413"]
[PlyCount "54"]
[EventDate "2021.??.??"]
[EventType "blitz"]

1. e4 e5 2. Nf3 d5 3. exd5 e4 4. Qe2 f5 5. d3 Nf6 6. Nc3 Bb4 7. Bg5 Bxc3+ 8.
bxc3 O-O 9. Bxf6 Qxf6 10. Nd4 c5 11. dxc6 Nxc6 12. Nb3 Qxc3+ 13. Qd2 Qe5 14. d4
Qf6 15. Bc4+ Kh8 16. O-O-O a5 17. h4 a4 18. Na1 Na5 19. Bb5 Be6 20. Qg5 Qf7 21.
Bxa4 h6 22. Qe3 Bxa2 23. Bb3 Nxb3+ 24. Nxb3 Bxb3 25. Qxb3 Qf6 26. Kb2 Ra6 27.
c3 Rb6 {Normal} 0-1

[Event "Rated Blitz tournament DWCezkki"]
[Site "?"]
[Date "2021.10.26"]
[Round "?"]
[White "Zenekritikus4"]
[Black "Razario90"]
[Result "0-1"]
[WhiteElo "2435"]
[BlackElo "2403"]
[PlyCount "49"]
[EventDate "2021.??.??"]
[EventType "blitz"]

1. e4 e5 2. Nf3 d5 3. exd5 e4 4. Qe2 Nf6 5. Nc3 Be7 6. Nxe4 O-O 7. d3 Re8 8.
Be3 Nxd5 9. O-O-O f5 10. Nc3 Nxc3 11. bxc3 f4 12. d4 fxe3 13. fxe3 c5 14. Ne5
Be6 15. g3 Nc6 16. Bh3 Bxa2 17. c4 Nxe5 18. dxe5 Qa5 19. Be6+ Kh8 20. Kb2 Bf6
21. exf6 Rxe6 22. fxg7+ Kg8 23. Qd3 Qb4+ 24. Ka1 Bxc4 25. Qd6 {Normal} 0-1

[Event "Rated Blitz game"]
[Site "?"]
[Date "2021.10.26"]
[Round "?"]
[White "TourSan"]
[Black "mehditarkibi"]
[Result "1-0"]
[WhiteElo "2415"]
[BlackElo "2330"]
[PlyCount "73"]
[EventDate "2021.??.??"]
[EventType "blitz"]

1. e4 e5 2. Nf3 d5 3. Nxe5 Nf6 4. d4 Bd6 5. exd5 O-O 6. Nc3 c5 7. dxc6 Nxc6 8.
Nxc6 bxc6 9. Bd3 Qc7 10. Bg5 Re8+ 11. Ne2 Nd5 12. Qd2 h6 13. Bxh6 gxh6 14. Qxh6
f5 15. O-O Bf8 16. Qg6+ Bg7 17. Qxe8+ Kh7 18. Qh5+ Kg8 19. Bxf5 Bxf5 20. Qxf5
Rf8 21. Qg5 Qd6 22. c3 Kh7 23. Ng3 Bh6 24. Qh5 Nf4 25. Qg4 Rg8 26. Qf5+ Kh8 27.
Rae1 Nd5 28. Re6 Qf4 29. Qxf4 Bxf4 30. Rxc6 Ne7 31. Re6 Nd5 32. Rfe1 a5 33. Nh5
Bd2 34. R1e2 Bc1 35. Rc2 Bg5 36. h4 Bxh4 37. Rh6# {Normal} 1-0

[Event "Rated Blitz game"]
[Site "?"]
[Date "2021.10.26"]
[Round "?"]
[White "LeFiN"]
[Black "Annali-annaliew1979"]
[Result "0-1"]
[WhiteElo "2320"]
[BlackElo "2449"]
[PlyCount "82"]
[EventDate "2021.??.??"]
[EventType "blitz"]

1. e4 e5 2. Nf3 d5 3. d4 dxe4 4. Nxe5 Bd6 5. Bc4 Bxe5 6. dxe5 Qxd1+ 7. Kxd1 Nc6
8. Bf4 Nge7 9. e6 Bxe6 10. Bxe6 fxe6 11. Bxc7 O-O 12. Bg3 Nf5 13. Nc3 e3 14.
fxe3 Nxe3+ 15. Ke2 Nxg2 16. Rad1 Nf4+ 17. Bxf4 Rxf4 18. Rd7 b6 19. Rg1 g6 20.
Rc7 Ne5 21. Re7 Rh4 22. Rxe6 Rxh2+ 23. Kd1 Nf3 24. Rf1 Rd8+ 25. Kc1 Rxc2+ 26.
Kxc2 Nd4+ 27. Kd3 Nxe6+ 28. Ke4 Nc5+ 29. Ke5 Kg7 30. Nd5 Re8+ 31. Kd6 h5 32.
Rg1 Re6+ 33. Kc7 Kh6 34. Nf4 Rf6 35. Nd5 Rf7+ 36. Kd6 h4 37. Ne7 g5 38. Nc6 Kh5
39. Ne5 Rf4 40. Kd5 h3 41. Rh1 g4 {Normal} 0-1

[Event "Rated Blitz game"]
[Site "?"]
[Date "2021.10.26"]
[Round "?"]
[White "PurgeDota"]
[Black "Annali-annaliew1979"]
[Result "0-1"]
[WhiteElo "2350"]
[BlackElo "2463"]
[PlyCount "56"]
[EventDate "2021.??.??"]
[EventType "blitz"]

1. e4 e5 2. Nf3 d5 3. exd5 e4 4. Qe2 f5 5. d3 Nf6 6. Bg5 Be7 7. Bxf6 Bxf6 8.
Nc3 O-O 9. dxe4 Bxc3+ 10. bxc3 fxe4 11. Nd4 Qf6 12. Qe3 c5 13. dxc6 Nxc6 14.
Bc4+ Kh8 15. O-O Ne5 16. Be2 Qg6 17. Kh1 Bg4 18. Qg3 Bxe2 19. Qxg6 Nxg6 20.
Nxe2 Rac8 21. Rab1 b6 22. Rb4 e3 23. f3 Rfd8 24. Re4 Rd2 25. Rxe3 Rxc2 26. Rd1
h6 27. Ra1 Rd8 28. g3 Rdd2 {Normal} 0-1

[Event "Rated Blitz tournament DWCezkki"]
[Site "?"]
[Date "2021.10.26"]
[Round "?"]
[White "MiasnikovOleg"]
[Black "Razario90"]
[Result "0-1"]
[WhiteElo "2339"]
[BlackElo "2405"]
[PlyCount "86"]
[EventDate "2021.??.??"]
[EventType "blitz"]

1. e4 e5 2. Nf3 d5 3. Nxe5 Bd6 4. d4 dxe4 5. Nc4 Nf6 6. Nc3 O-O 7. Bg5 Re8 8.
Be2 Be7 9. O-O Nc6 10. d5 Nb8 11. Qd2 Nbd7 12. h3 Nf8 13. Rad1 h6 14. Bh4 Ng6
15. Bg3 Bf5 16. Ne5 Nxe5 17. Bxe5 Bd6 18. Bd4 a6 19. a3 Rc8 20. Rde1 Qd7 21.
Qe3 Be5 22. Rd1 Qd6 23. Bxe5 Qxe5 24. Qd4 Rcd8 25. Qxe5 Rxe5 26. Rd4 Nxd5 27.
Rfd1 c6 28. Bc4 e3 29. Nxd5 cxd5 30. Bxd5 e2 31. Bxf7+ Kxf7 32. Rxd8 exd1=Q+
33. Rxd1 Bxc2 34. Rd7+ Re7 35. Rd2 Be4 36. f3 Bc6 37. Kf2 Rd7 38. Re2 Bb5 39.
Rc2 g5 40. g3 Bc6 41. f4 gxf4 42. gxf4 Rd3 43. h4 Rf3+ {Normal} 0-1

[Event "Rated Blitz game"]
[Site "?"]
[Date "2021.10.26"]
[Round "?"]
[White "NoFlightZone"]
[Black "MischieviousPawn"]
[Result "1-0"]
[WhiteElo "2534"]
[BlackElo "2501"]
[PlyCount "149"]
[EventDate "2021.??.??"]
[EventType "blitz"]

1. e4 e5 2. Nf3 d5 3. exd5 Qxd5 4. Nc3 Qa5 5. Bc4 Nc6 6. O-O Bg4 7. h3 Bxf3 8.
Qxf3 Nf6 9. d3 O-O-O 10. Bd2 Nd4 11. Qd1 Qb6 12. Bxf7 Qxb2 13. Bb3 Qa3 14. Re1
Bd6 15. Rb1 a6 16. Ne2 Nxb3 17. Rxb3 Qc5 18. Be3 Qc6 19. Ng3 Nd5 20. Bg5 Nf4
21. Ne4 Rdf8 22. Qg4+ Kb8 23. Reb1 b6 24. a4 a5 25. Rb5 Bb4 26. c3 Bd6 27. Bxf4
Rxf4 28. Qxg7 Rhf8 29. Qh6 Rxe4 30. dxe4 Qxe4 31. Qe3 Qxe3 32. fxe3 Kc8 33. Rf1
Rg8 34. Rf7 h5 35. Rh7 Rg5 36. Rb2 e4 37. Rf2 Bc5 38. Re2 Rd5 39. g4 hxg4 40.
hxg4 Rd3 41. Kf2 Rxc3 42. g5 Bd6 43. g6 Rc5 44. g7 Rf5+ 45. Ke1 Rg5 46. Rh8+
Kb7 47. g8=Q Bb4+ 48. Kd1 Rc5 49. Qb3 Rc3 50. Qxc3 Bxc3 51. Rh7 Bb4 52. Rc2 Bd6
53. Rc4 b5 54. Rxe4 Kb6 55. axb5 Kxb5 56. Rh5+ Kb6 57. Kc1 a4 58. Kc2 a3 59.
Ra4 Kc6 60. Kb3 Kd7 61. Rxa3 Bxa3 62. Kxa3 Ke6 63. Kb3 c6 64. Kc4 Ke7 65. Rc5
Kf7 66. Rxc6 Ke7 67. Kd5 Ke8 68. e4 Ke7 69. e5 Ke8 70. Kd6 Kf8 71. Rc7 Ke8 72.
Ke6 Kf8 73. Rb7 Kg8 74. Kf6 Kf8 75. Rb8# {Normal} 1-0

[Event "Rated Blitz game"]
[Site "?"]
[Date "2021.10.26"]
[Round "?"]
[White "The3Streets"]
[Black "MischieviousPawn"]
[Result "1-0"]
[WhiteElo "2541"]
[BlackElo "2509"]
[PlyCount "65"]
[EventDate "2021.??.??"]
[EventType "blitz"]

1. e4 e5 2. Nf3 d5 3. Nxe5 Be7 4. d4 Nf6 5. exd5 Nxd5 6. Be2 c5 7. O-O O-O 8.
dxc5 Bxc5 9. Bf3 Be6 10. c4 Nb4 11. Bxb7 Qxd1 12. Rxd1 Nc2 13. Bxa8 Nxa1 14.
Be4 f5 15. Bd5 Rf6 16. Bxe6+ Rxe6 17. Rd8+ Bf8 18. Bf4 Nc6 19. Rd5 g5 20. Bxg5
Nxe5 21. Nd2 Nf7 22. Rxf5 Re1+ 23. Nf1 Nc2 24. Bd2 Rd1 25. Bc3 Bb4 26. Rd5 Rb1
27. Bf6 Nd6 28. c5 Ne4 29. c6 Nd2 30. Rxd2 Bxd2 31. c7 Kf7 32. c8=Q Kxf6 33.
Qxc2 {Normal} 1-0

[Event "Rated Blitz game"]
[Site "?"]
[Date "2021.10.26"]
[Round "?"]
[White "Ruhnama"]
[Black "Annali-annaliew1979"]
[Result "1-0"]
[WhiteElo "2472"]
[BlackElo "2456"]
[PlyCount "123"]
[EventDate "2021.??.??"]
[EventType "blitz"]

1. e4 e5 2. Nf3 d5 3. exd5 e4 4. Qe2 f5 5. d3 Nf6 6. Nc3 Bb4 7. Bd2 Bxc3 8.
Bxc3 O-O 9. dxe4 Nxe4 10. Bd4 c5 11. dxc6 Nxc6 12. O-O-O Nxd4 13. Nxd4 Qa5 14.
Kb1 Kh8 15. f3 Nf6 16. Qb5 Qd8 17. Bc4 a6 18. Qb3 Qc7 19. Be6 f4 20. Rhe1 Qa5
21. c3 Bxe6 22. Nxe6 Rfe8 23. Qxb7 Rg8 24. Nd4 Rab8 25. Qf7 Qxc3 26. Nb3 Qb4
27. Re7 a5 28. Rd4 Qb5 29. Rxf4 Qf1+ 30. Nc1 Rbc8 31. Rc7 Rxc7 32. Qxc7 Nd5 33.
Qc4 Qxc4 34. Rxc4 Ne3 35. Rc5 Ra8 36. g3 h6 37. Nd3 Rd8 38. Nf4 Rd1+ 39. Rc1
Rd2 40. Re1 Nc4 41. Re2 Rd1+ 42. Kc2 Rd8 43. b3 Na3+ 44. Kb2 Nb5 45. Re5 Nd4
46. Rd5 Rxd5 47. Nxd5 Nxf3 48. a3 Nxh2 49. b4 axb4 50. axb4 Nf3 51. b5 Ne5 52.
b6 g5 53. b7 Nd7 54. Nf6 Nb8 55. Kc3 Kg7 56. Nh5+ Kg6 57. g4 Kf7 58. Kd4 Ke6
59. Ke4 Nc6 60. Ng7+ Kf6 61. Nf5 Ke6 62. Nd4+ {Time forfeit} 1-0

[Event "Rated Blitz game"]
[Site "?"]
[Date "2021.10.26"]
[Round "?"]
[White "LabutinAa"]
[Black "MischieviousPawn"]
[Result "1-0"]
[WhiteElo "2596"]
[BlackElo "2533"]
[PlyCount "99"]
[EventDate "2021.??.??"]
[EventType "blitz"]

1. e4 e5 2. Nf3 d5 3. Qe2 Nf6 4. d3 Bd6 5. g3 dxe4 6. dxe4 Nc6 7. Bg2 Bg4 8. c3
Qd7 9. O-O h5 10. h4 Nh7 11. Nbd2 g5 12. hxg5 Nxg5 13. Qe3 Nh3+ 14. Kh2 Nf4 15.
gxf4 exf4 16. Qe2 O-O-O 17. Nc4 h4 18. e5 h3 19. Bh1 Rhe8 20. Bxf4 f6 21. Rad1
fxe5 22. Ncxe5 Nxe5 23. Bxe5 Bxf3 24. Rxd6 Qxd6 25. Qxf3 Qxe5+ 26. Qg3 Rd2 27.
Bf3 Rxb2 28. Bg4+ Kb8 29. Bxh3 Qh8 30. Rg1 Rf8 31. Rg2 a6 32. Kg1 Qf6 33. Qe3
Rb1+ 34. Kh2 Rb2 35. Kg1 Rb1+ 36. Kh2 Rb2 37. Qe6 Rxf2 38. Qxf6 R8xf6 39. Kg3
Rxg2+ 40. Bxg2 Rc6 41. Bxc6 bxc6 42. Kf3 Kb7 43. Ke4 Kb6 44. Kd4 Ka5 45. Kc4
Ka4 46. Kc5 Ka3 47. Kxc6 Kxa2 48. c4 Kb3 49. c5 Kb4 50. Kd5 {Time forfeit} 1-0

[Event "Rated Blitz game"]
[Site "?"]
[Date "2021.10.26"]
[Round "?"]
[White "Omegaverde"]
[Black "DOOGE228"]
[Result "0-1"]
[WhiteElo "2560"]
[BlackElo "2439"]
[PlyCount "58"]
[EventDate "2021.??.??"]
[EventType "blitz"]

1. e4 e5 2. Nf3 d5 3. Nxe5 Bd6 4. d4 dxe4 5. Nc4 Nf6 6. Nxd6+ Qxd6 7. Be2 O-O
8. Be3 Qb4+ 9. Nd2 Qxb2 10. O-O Qb4 11. Rb1 Qe7 12. Bg5 Nbd7 13. Re1 h6 14. Bh4
g5 15. Bg3 Nd5 16. Bc4 N7f6 17. Rb3 Nf4 18. Bxf4 gxf4 19. Nxe4 Nxe4 20. Bd5 Bf5
21. f3 Rad8 22. Bxe4 Bxe4 23. Rxe4 Qf6 24. Rxb7 c5 25. c3 cxd4 26. cxd4 Rd5 27.
Rxa7 Rfd8 28. Ra4 Qc6 29. Qd2 Qxa4 {Normal} 0-1